Statistics for All Disney Animated Movies

Click here to take the quiz!

General Stats

  • This quiz has been taken 6,077 times
    (2,103 since last reset)
  • The average score is 59 of 143

Answer Stats

HintAnswer% Correct
1937Snow White
95%
1950Cinderella
90%
1991Beauty and the Beast
84%
1959Sleeping Beauty
84%
1995Toy Story
84%
2013Frozen
83%
1989The Little Mermaid
83%
1999Toy Story 2
81%
2010Toy Story 3
80%
1992Aladdin
79%
2019Frozen 2
79%
1998Mulan
79%
1994The Lion King
79%
2019Toy Story 4
77%
1940Pinocchio
75%
2010Tangled
75%
1995Pocahontas
74%
2009The Princess and the Frog
74%
2021Encanto
72%
1940Fantasia
72%
2016Moana
72%
1942Bambi
68%
2006Cars
68%
1953Peter Pan
68%
2012Brave
67%
1967The Jungle Book
67%
1941Dumbo
66%
1961101 Dalmatians
65%
2011Cars 2
65%
2017Cars 3
63%
1955The Lady and the Tramp
63%
1998Hercules
62%
1999Tarzan
61%
2009Up
61%
2003Finding Nemo
60%
2018The Incredibles 2
60%
2015Inside Out
59%
2001Monsters Inc
58%
2012Wreck-It Ralph
58%
2018Wreck it Ralph 2
58%
2016Finding Dory
57%
2017Coco
56%
1951Alice in Wonderland
55%
2020Soul
55%
1998The Lion King 2
55%
1973Robin Hood
54%
1998A Bugs Life
53%
1996The Hunchback of Notre Dame
53%
2004The Incredibles
53%
1970Aristocats
52%
2002 | 2005Lilo and Stitch
52%
2008WALL-E
52%
2013Monsters University
51%
2021Luca
50%
1977The Rescuers
49%
2022Turning Red
49%
2014Big Hero 6
48%
2016Zootopia
48%
2008Bolt
47%
2005Mulan 2
47%
1977 | 2011Winnie the Pooh
47%
1963The Sword in the Stone
46%
2002Cinderella 2
45%
2007Ratatouille
45%
2021Raya and the Last Dragon
45%
2001Atlantis The Lost Empire
44%
2003Brother Bear
44%
2000The Emperor's New Groove
44%
1981Fox and the Hound
43%
2023Elemental
42%
1999Fantasia 2000
41%
2020Onward
41%
2005Chicken Little
39%
1985The Black Cauldron
39%
2007Cinderella 3
38%
1988Oliver and Company
38%
2002Treasure Planet
38%
2000Dinosaur
36%
2007Meet the Robinsons
36%
2022Strange world
36%
2022Lightyear
35%
1990The Rescuers Down Under
35%
1995A Goofy Movie
34%
2000Little Mermaid 2
34%
2013Planes
32%
1998Pocahontas 2
32%
1986The Great Mouse Detective
31%
1944The Three Caballeros
31%
2005Tarzan 2
30%
2008Tinker Bell
29%
2006Bambi 2
28%
2004Home on the Range
28%
2003The Jungle Book 2
28%
2015Good Dinosaur
27%
1947Fun and Fancy Free
25%
1942Saludos Amigos
25%
2006Brother Bear 2
24%
1946Make Mine Music
24%
1948Melody Time
24%
2004The Lion King 1 1/2
23%
1946Song of the South
21%
2002The Hunchback of Notre Dame 2
20%
2003101 Dalmatians 2
19%
1993Nightmare Before Christmas
19%
1994Return of Jafar
19%
2006The Fox and the Hound 2
19%
2001The Lady and the Tramp 2
19%
2005Kronk's New Groove
16%
2002Return to Never Land
16%
1949Ichabod and Mr. Toad
15%
1988Who Framed Roger Rabbit
14%
1996James and the Giant Peach
13%
2000An Extremely Goofy Movie
12%
2012Frankenweenie
12%
2009A Christmas Carol
11%
2000Tigger Movie
11%
2006Wild
11%
1996Aladdin and the King of Thieves
10%
2008Little Mermaid Ariel's Beginning
10%
2011Mars Needs Moms
10%
2003Piglet's Big Movie
10%
2003Atlantis: Milo's Return
9%
1999Mickey's Once Upon a Christmas
9%
2012Secret of the Wings
9%
2015Strange Magic
9%
2014The Pirate Fairy
9%
2009Tinker Bell and the Lost Treasure
9%
2004Mickey's Twice Upon a Christmas
8%
2010Tinker Bell and the Great Fairy Rescue
8%
1998Beauty and the Beast Belle's Magical World
7%
2014Planes: Fire & Rescue
7%
1997Pooh's Grand Adventure
7%
2005Pooh's Heffalump Movie
7%
2015Tinker Bell and the Legend of the NeverBeast
7%
2002A Very Merry Pooh Year
6%
1997Beauty and the Beast the Enchanted Christmas
6%
2007Disney Princess Enchanted Tales
6%
2004Mickey Donald Goofy The Three Musketeers
6%
2005Pooh's Heffalump Halloween Movie
6%
2004Springtime with Roo
6%
2012Arjun: The Warrior Prince
5%

Score Distribution

Percentile by Number Answered

Percent of People with Each Score

Your Score History

You have not taken this quiz since the last reset